[Event "11th Lichtenberger Sommer 2012"]
[Site "Berlin GER"]
[Date "2012.08.19"]
[Round "2.26"]
[White "Fischoeder,H"]
[Black "Jahnz,F"]
[Result "1-0"]
[WhiteElo "1970"]
[BlackElo "2215"]

1.d4 d5 2.c4 dxc4 3.e4 Nf6 4.e5 Nd5 5.Bxc4 Nb6 6.Bb3 Nc6 7.Be3 Bf5 8.e6 Bxe6
9.Bxe6 fxe6 10.Nc3 g6 11.Nf3 Bg7 12.Qb3 Qd7 13.Rd1 Nd5 14.Ne4 b6 15.Rc1 Na5
16.Qd3 Nb4 17.Qe2 Nxa2 18.Rd1 Nb4 19.O-O Nd5 20.Bd2 Nc6 21.Neg5 Nd8 22.Qe4 O-O
23.h4 Rc8 24.Ne5 Bxe5 25.dxe5 Nf7 26.Nf3 Kg7 27.h5 Rg8 28.hxg6 hxg6 29.g3 Nh6
30.Bxh6+ Kxh6 31.Kg2 Kg7 32.Nh4 Qe8 33.Rh1 Rh8 34.Nf3 Qf7 35.Ng5 Qf5 36.Qxf5 gxf5
37.Nxe6+ Kf7 38.Ng5+ Kg6 39.Rxh8 Rxh8 40.Rxd5 Kxg5 41.Rd7 Rc8 42.Rxe7 f4
43.Rf7 fxg3 44.Kxg3 Kg6 45.Rf6+ Kg7 46.Rc6 a5 47.f4 a4 48.f5 b5 49.Kf4 b4
50.Ke4 Kf7 51.f6 Kg6 52.Rc1 a3 53.bxa3 bxa3 54.Rg1+ Kf7 55.Kf5 a2 56.e6+ Kf8
57.Rh1 Kg8 58.Kg6 Rb8 59.e7 a1=Q 60.f7+  1-0

[Event "Husek Vienna Open A"]
[Site "Vienna AUT"]
[Date "2012.08.19"]
[Round "7"]
[White "Atalik,E"]
[Black "Stevic,H"]
[Result "0-1"]
[WhiteElo "2453"]
[BlackElo "2614"]

1.d4 d5 2.c4 dxc4 3.e4 Nf6 4.e5 Nd5 5.Bxc4 Nb6 6.Bd3 Nc6 7.Ne2 Bg4 8.f3 Be6
9.Nbc3 Qd7 10.Ne4 Bd5 11.Nc5 Qc8 12.Be3 e6 13.Nf4 Nb4 14.Be2 Bc6 15.Bd2 N4d5
16.b4 Bxc5 17.dxc5 Ba4 18.Qb1 Nxf4 19.Bxf4 Nd5 20.Bd2 Qd7 21.O-O Bb5 22.Bxb5 Qxb5
23.Qe4 Qa4 24.Rfc1 O-O 25.h4 Rfd8 26.h5 h6 27.g4 Ne7 28.Be1 Rd5 29.f4 Rad8
30.Qg2 Qa3 31.Rab1 Qe3+ 32.Qf2 Qe4 33.b5 Rd4 34.Bc3 Ra4 35.Rd1 Rxd1+ 36.Rxd1 Nd5
37.Bd2 Rxa2 38.c6 bxc6 39.bxc6 Qc2 40.Qf3 Ra3 41.Bc1  0-1

[Event "14th Sants Open A"]
[Site "Barcelona ESP"]
[Date "2012.08.21"]
[Round "5.9"]
[White "Kiewra,K"]
[Black "Ibarra Jerez,JC"]
[Result "1/2-1/2"]
[WhiteElo "2364"]
[BlackElo "2540"]

1.d4 d5 2.c4 dxc4 3.e4 Nc6 4.d5 Ne5 5.Qd4 Nd3+ 6.Bxd3 cxd3 7.Nc3 c6 8.Qxd3 e6
9.Nf3 Nf6 10.Bg5 exd5 11.Bxf6 Qxf6 12.exd5 Bf5 13.Qe3+ Be7 14.dxc6 bxc6 15.Nd4 O-O
16.Nxf5 Qxf5  1/2-1/2

[Event "11th Lichtenberger Sommer 2012"]
[Site "Berlin GER"]
[Date "2012.08.23"]
[Round "6.29"]
[White "Fischoeder,H"]
[Black "Berndt,Ma"]
[Result "1/2-1/2"]
[WhiteElo "1970"]
[BlackElo "2142"]

1.d4 d5 2.c4 dxc4 3.e4 c5 4.d5 Nf6 5.Nc3 b5 6.Bf4 Ba6 7.e5 b4 8.exf6 bxc3
9.bxc3 gxf6 10.Bxc4 Bxc4 11.Qa4+ Nd7 12.Qxc4 Nb6 13.Qb5+ Qd7 14.Qxd7+ Kxd7
15.O-O-O Bg7 16.Ne2 Rhd8 17.Rd2 Ke8 18.Rhd1 f5 19.Kc2 e6 20.dxe6 fxe6 21.Rd6 Rxd6
22.Rxd6 Kf7 23.Rc6 Bf8 24.Be3 Rc8 25.Rxc8 Nxc8 26.c4 Nb6 27.Kb3 Ke8 28.Bf4 Kd7
29.Be5 Kc6 30.Nf4 Bd6 31.Nd3 Nd7 32.f4 Bxe5 33.fxe5 Kb6 34.g3 Nb8 35.Nf4 Nc6
36.Nxe6 Nxe5 37.Ng7 Nf3 38.Nxf5 Nxh2 39.Kc3 Ng4 40.Ne7 Kc7 41.Nf5 Kd7 42.Kd3 Ke6
43.Ne3 Nxe3 44.Kxe3 Ke5 45.Kd3 h6 46.Ke3 h5 47.Kd3 Kf5 48.Ke3 Kg4 49.Kf2  1/2-1/2

[Event "12th ch-Euro Seniors"]
[Site "Kaunas LTU"]
[Date "2012.08.23"]
[Round "6.2"]
[White "Hohler,P"]
[Black "Kupreichik,V"]
[Result "0-1"]
[WhiteElo "2201"]
[BlackElo "2434"]

1.d4 d5 2.c4 dxc4 3.e4 Nf6 4.e5 Nd5 5.Bxc4 Nc6 6.Ne2 Nb6 7.Bb3 Bf5 8.O-O e6
9.Nbc3 Be7 10.Be3 Nb4 11.Nf4 c6 12.a3 N4d5 13.Ncxd5 cxd5 14.Rc1 O-O 15.Qe2 Qd7
16.h3 Rac8 17.Kh2 a6 18.Rfd1 h6 19.Kg1 Rxc1 20.Rxc1 Rc8 21.Qf1 Rc6 22.Qd1 Bg5
23.Rxc6 Qxc6 24.Qd2 Qb5 25.Ba2 Nc4 26.Bxc4 Qxc4 27.Nh5 Bxe3 28.fxe3 b5 29.Nf4 a5
30.Ne2 b4 31.axb4 axb4 32.Kf2 Bc2 33.Nc1 Kf8 34.Qe2 Be4 35.Qd2 Bc2 36.Na2 Qxa2
37.Qxc2 Qc4 38.Qe2 Ke7 39.Qd2 f6 40.exf6+ gxf6 41.Kg3 b3 42.Kf3 e5 43.dxe5 fxe5
44.Kf2 Kf6 45.Ke1 h5 46.Qf2+ Ke6 47.Qd2 h4 48.Qd1 Kd6 49.Qd2 Kc6 50.Qd1 Kb5
51.Qa1 Qc2 52.Qa3 d4 53.exd4 exd4 54.Qa7 Qc1+ 55.Ke2 Qxb2+ 56.Kd3 Qc2+  0-1

[Event "2nd Isthmia Open A"]
[Site "Korinthia GRE"]
[Date "2012.08.24"]
[Round "8.20"]
[White "Nikolaidis,K"]
[Black "Kokkalis,V"]
[Result "0-1"]
[WhiteElo "2279"]
[BlackElo "2072"]

1.d4 d5 2.c4 dxc4 3.e4 e5 4.Nf3 exd4 5.Bxc4 Nc6 6.O-O Be6 7.Bxe6 fxe6 8.Qb3 Qd7
9.Qxb7 Rb8 10.Qa6 Bd6 11.Nbd2 Nge7 12.b3 O-O 13.Bb2 e5 14.Qc4+ Kh8 15.Ng5 Ng6
16.g3 Rf6 17.Rac1 Bb4 18.Ngf3 Qh3 19.Ng5 Qd7 20.Ngf3 Rbf8 21.a3 Ba5 22.b4 Bb6
23.Ne1 d3 24.Nxd3 Rd8 25.Rc3 Nd4 26.Nc5 Qh3 27.Re3 Qg4 28.f3 Qg5 29.Bxd4 exd4
30.Rd3 Ne5 31.Qb3 Nxd3 32.Qxd3 Bxc5 33.f4 Qh5 34.bxc5 Qxc5 35.e5 Rb6 36.Ne4 Qb5
37.Qf3 Qd5 38.Rc1 Rb3 39.Qg2 Re3 40.Ng5 Rc3 41.Rb1 Qxg2+ 42.Kxg2 Kg8 43.Ne6 Rd5
44.Ng5 Kf8 45.Rb8+ Ke7 46.Rg8 d3 47.Rxg7+ Kf8 48.Rf7+ Ke8 49.e6 Rc2+ 50.Kh3 Re2
51.f5 d2 52.Nxh7 Rxf5  0-1

[Event "EY Girls U18 2012"]
[Site "Prague CZE"]
[Date "2012.08.24"]
[Round "8.4"]
[White "Grigoryeva,O2"]
[Black "Lach,A"]
[Result "0-1"]
[WhiteElo "2190"]
[BlackElo "2157"]

1.d4 d5 2.c4 dxc4 3.e4 Nc6 4.d5 Ne5 5.Bf4 Ng6 6.Be3 e5 7.Bxc4 a6 8.Nc3 Bd6
9.Nf3 Nf6 10.h3 O-O 11.Be2 Qe7 12.Rc1 Kh8 13.a3 Bd7 14.Nd2 b5 15.O-O Nf4
16.Re1 g5 17.Bf1 Rg8 18.f3 h5 19.Kh2 g4 20.g3 Nxh3 21.Bxh3 gxh3 22.Nf1 Rg6
23.Qd2 Rag8 24.Nd1 h4 25.Bf2 Qf8 26.Nde3 Qh6 27.Qe2 Nh5 28.g4 Qf4+ 29.Kxh3 Rf6
30.Kg2 h3+ 31.Kh1 Qxf3+ 32.Qxf3 Rxf3 33.Bh4 Rf4 34.Be7 Bxe7 35.gxh5 Bh4 36.Red1 Bg4
37.Nxg4 Rfxg4 38.Rxc7 Bf2 39.d6 Rg1+ 40.Kh2 R8g2+ 41.Kxh3 Rg5 42.Ng3 R1xg3+
43.Kh2 Rxh5+  0-1

[Event "11th Lichtenberger Sommer 2012"]
[Site "Berlin GER"]
[Date "2012.08.25"]
[Round "8.55"]
[White "Fischoeder,H"]
[Black "Huebner,Alan-Ari"]
[Result "0-1"]
[WhiteElo "1970"]
[BlackElo "1728"]

1.d4 d5 2.c4 dxc4 3.e4 Nf6 4.e5 Nd5 5.Bxc4 Nb6 6.Bb3 Nc6 7.Be3 Bf5 8.Nc3 e6
9.Nge2 Qd7 10.O-O O-O-O 11.a3 f6 12.f4 Kb8 13.Ba2 Ne7 14.Ng3 Bg6 15.Qf3 Ned5
16.Nxd5 Nxd5 17.Rad1 Nxe3 18.Qxe3 Be7 19.f5 exf5 20.e6 Qb5 21.b4 Bd6 22.Nxf5 Bxf5
23.a4 Qxa4 24.Ra1 Qb5 25.d5 Qxb4 26.Kh1 Qe4 27.Qf2 Qe5  0-1

[Event "EY Boys U16 2012"]
[Site "Prague CZE"]
[Date "2012.08.25"]
[Round "9.3"]
[White "Harutyunian,T"]
[Black "Georgiadis,N"]
[Result "1/2-1/2"]
[WhiteElo "2308"]
[BlackElo "2345"]

1.d4 d5 2.c4 dxc4 3.e4 e5 4.Nf3 Bb4+ 5.Nc3 exd4 6.Nxd4 Ne7 7.Be3 O-O 8.Bxc4 Nbc6
9.O-O Nxd4 10.Bxd4 Nc6 11.Be3 Bxc3 12.bxc3 Qxd1 13.Rfxd1 Be6 14.Bd5 Na5 15.Bxe6 fxe6
16.Rd7 Rac8 17.Rad1 Nc6 18.f4 b6 19.R1d2 Nb8 20.Re7 Rfe8 21.Rxe8+ Rxe8 22.Rd4 Kf7
23.Bf2 Re7 24.Bh4 Rd7 25.Kf2 c5 26.Rxd7+ Nxd7 27.Ke3 Nb8 28.g4 Nc6 29.Bg3 g6
30.Kd3 b5 31.Bf2 c4+ 32.Kc2 a6 33.Bc5 Kf6 34.g5+ Kf7 35.Kd2 Ke8 36.Ke3 Kf7
37.h4 Nd8 38.Bb6 Nc6 39.Bc5 Nd8 40.Bb6 Nc6 41.Bc5  1/2-1/2

[Event "19th Graz Open 2012"]
[Site "Graz AUT"]
[Date "2012.08.28"]
[Round "4.9"]
[White "Krumpacnik,D"]
[Black "Goessler,Markus"]
[Result "1-0"]
[WhiteElo "2365"]
[BlackElo "2136"]

1.d4 d5 2.c4 dxc4 3.e4 Nf6 4.e5 Nd5 5.Bxc4 Nb6 6.Bd3 Nc6 7.Be3 Nb4 8.Be4 f5
9.exf6 exf6 10.a3 f5 11.axb4 fxe4 12.Qh5+ g6 13.Qe5+ Kf7 14.Nc3 Bd6 15.Qxe4 Re8
16.Qc2 Bf4 17.Nge2 Bxe3 18.fxe3 Rxe3 19.O-O+ Kg7 20.d5 Bf5 21.Qc1 Qe7 22.Nd4 Re5
23.Qf4 Nxd5 24.Nxf5+ Rxf5 25.Nxd5 Rxd5 26.Rae1 Qd6 27.Qf7+ Kh6 28.Re7 Rh5
29.Qg7+ Kg5 30.Re5+  1-0

[Event "World Youth U16 Olympiad 2012"]
[Site "Istanbul TUR"]
[Date "2012.08.30"]
[Round "2.1"]
[White "Laurusas,T"]
[Black "Eliseev,U"]
[Result "1-0"]
[WhiteElo "2402"]
[BlackElo "2480"]

1.d4 d5 2.c4 dxc4 3.e4 e5 4.Nf3 exd4 5.Bxc4 Nc6 6.O-O Be6 7.Bxe6 fxe6 8.Qb3 Qd7
9.Qxb7 Rb8 10.Qa6 Nf6 11.Nbd2 Bd6 12.b3 O-O 13.Bb2 e5 14.Qe2 Ne7 15.Ne1 a5
16.Nd3 Ng6 17.g3 Qb5 18.Rab1 a4 19.b4 Qa6 20.Ba3 Nd7 21.b5 Rxb5 22.Nb4 Qb7
23.Qc4+ Kh8 24.Na6 Rxb1 25.Rxb1 Nb6 26.Bxd6 cxd6 27.Qf1 Qc6 28.Rc1 Qe8 29.Nb4 Nd7
30.Qa6 Qb8 31.Qxa4 Nc5 32.Qa5 Qb7 33.Nd5 Qb2 34.Rf1 Qc2 35.f3 h5 36.Nb6 Kh7
37.Nbc4 Rf6 38.Qa3 Ne7 39.Rc1 Qd3 40.Qxd3 Nxd3 41.Rb1 d5 42.exd5 Nxd5 43.a4 Nc3
44.Ra1 Ra6 45.a5 Kg6 46.Ne4 Nb4 47.Nc5 Ra7 48.a6 Kf6 49.Kf2 Ke7 50.Nxe5 Kd6
51.Ned3 Nxd3+ 52.Nxd3 Kc6 53.Nf4 h4 54.gxh4 Kb6 55.Ne6 Nb5 56.Rb1 Kc6 57.Rb4 Rd7
58.a7 Rxa7 59.Nxd4+ Kc5 60.Rxb5+ Kxd4 61.Rg5 Rf7 62.Kg3 Ke3 63.Re5+ Kd4 64.f4 Ra7
65.h5 Ra1 66.Kg4 Rh1 67.Kf5 Rxh2 68.Kg6 Rh4 69.Kxg7 Rxf4 70.Rg5 Re4 71.h6 Re7+
72.Kg8 Re8+ 73.Kf7 Ra8 74.h7 Ra7+ 75.Kg6 Ra6+ 76.Kh5  1-0

[Event "40th Olympiad Open"]
[Site "Istanbul TUR"]
[Date "2012.08.30"]
[Round "3.19"]
[White "Tikkanen,H"]
[Black "Stevic,H"]
[Result "0-1"]
[WhiteElo "2570"]
[BlackElo "2614"]

1.d4 d5 2.c4 dxc4 3.e4 Nf6 4.e5 Nd5 5.Bxc4 Nb6 6.Bd3 Nc6 7.Be3 Nb4 8.Be4 f5
9.exf6 exf6 10.Nc3 f5 11.Bb1 N4d5 12.Nf3 Nxe3 13.fxe3 Qe7 14.O-O Be6 15.a4 Nc4
16.Re1 O-O-O 17.a5 a6 18.Qe2 Nd6 19.b4 c6 20.Na4 Kb8 21.Nc5 Bd5 22.Ne5 Nb5
23.Bxf5 g6 24.Bd3 Bg7 25.Bxb5 cxb5 26.Nf3 Rhf8 27.Rad1 g5 28.e4 Bc4 29.Qf2 Ka8
30.Qg3 Rg8 31.e5 g4 32.Qxg4 Bd5 33.Qh3 Bf8 34.Rd2 Rg6 35.Qf5 Bh6 36.Rf2 Rf8
37.Qh3 Rf4 38.Ree2 Ka7 39.Nd3 Rfg4 40.Nc5 Bc4 41.Re1 Bd5 42.Kh1 Bf8 43.e6 Qg7
44.Re5 Rxd4 45.Re1 Rxb4 46.Nd3 Rb3 47.Nf4 Rh6 48.Qf5 Bxf3 49.gxf3 Qg3 50.Ref1 Rxf3
51.Nh5 Qxf2 52.Rxf2 Rxf5 53.Rxf5 Bd6 54.Ng7 Rxh2+ 55.Kg1 Re2 56.Kf1 Re4 57.Kf2 b4
58.Kf3 Re1 59.Ne8 Rxe6  0-1

[Event "40th Olympiad Women"]
[Site "Istanbul TUR"]
[Date "2012.08.31"]
[Round "4.5"]
[White "Huang Qian"]
[Black "Levushkina,E"]
[Result "1-0"]
[WhiteElo "2449"]
[BlackElo "2301"]

1.d4 d5 2.c4 dxc4 3.e4 Nf6 4.e5 Nd5 5.Bxc4 Nb6 6.Bd3 Nc6 7.Be3 Be6 8.Nc3 Bd5
9.Nf3 e6 10.O-O Qd7 11.Rc1 Bc4 12.Bxc4 Nxc4 13.Qb3 Nb6 14.d5 exd5 15.Bxb6 axb6
16.Nxd5 O-O-O 17.Rfd1 Qe8 18.Qc4 Kb8 19.a3 Rd7 20.Nc3 Rxd1+ 21.Rxd1 Be7 22.b4 Bd8
23.h3 Qe7 24.Qd5 Re8 25.b5 Na5 26.Ne4 h6 27.a4 Kc8 28.Nd6+ cxd6 29.exd6 Qd7
30.Ne5 Rxe5 31.Qxe5 Nb3 32.Qxg7 h5 33.Qe5 h4 34.a5 Kb8 35.axb6 Bxb6 36.Qh8+ Bd8
37.Qc3 Na5 38.Qc5 b6 39.Qd5 Qb7 40.Qf5 Nb3 41.d7 Nc5 42.Qxf7 Qc7 43.Qd5 Nb7
44.Ra1 Bf6 45.Re1 Bd8 46.Rd1 Nc5 47.Qf5 Nb7 48.Qe6 Nc5 49.Qg4 Kb7 50.g3 hxg3
51.fxg3 Qe5 52.Qf3+ Kb8 53.h4 Nb7 54.Rd5 Qg7 55.Kg2 Bc7 56.h5 Nd8 57.Qe3 Qf7
58.Qd3 Qe6 59.Rf5 Qa2+ 60.Rf2 Qe6 61.Re2 Qf6 62.Qg6 Qd4 63.h6 Qd5+ 64.Kh2 Qxb5
65.Rc2 Qxd7 66.Qg7 Kc8 67.Qg6 Ne6 68.h7 Qd4 69.Qxe6+  1-0

[Event "40th Olympiad Women"]
[Site "Istanbul TUR"]
[Date "2012.09.01"]
[Round "5.18"]
[White "Chirivi C,Y"]
[Black "Nodirjanova,N"]
[Result "0-1"]
[WhiteElo "2212"]
[BlackElo "2185"]

1.d4 d5 2.c4 dxc4 3.e4 Nf6 4.e5 Nd5 5.Bxc4 Nb6 6.Bb3 Nc6 7.Ne2 Bf5 8.Nbc3 e6
9.Be3 Nb4 10.Nf4 Be7 11.a3 N4d5 12.Nfxd5 exd5 13.Qf3 Be6 14.Rc1 Qd7 15.a4 a5
16.Bd2 O-O 17.O-O f6 18.Qg3 c6 19.f4 Bb4 20.Nb1 Bf5 21.Bc3 Be6 22.Bc2 f5
23.Nd2 Nc8 24.Nb3 b6 25.Qe1 Be7 26.Bd2 c5 27.dxc5 bxc5 28.Nxa5 c4 29.Bd1 Bd8
30.Kh1 Ne7 31.b4 Bxa5 32.bxa5 Nc6 33.Bf3 Nd4 34.Bb4 Rfc8 35.Qd1 Nc6 36.Qd2 Nxb4
37.Qxb4 Rab8 38.Qd6 Qxd6 39.exd6 Rd8 40.Rfe1 Kf7 41.Red1 Rxd6 42.a6 Rb4 43.a5 Ra4
44.h3 Ke7 45.Rb1 Rxa5 46.Rb7+ Kf6 47.g4 h6 48.g5+ hxg5 49.fxg5+ Kxg5 50.Rxg7+ Kf6
51.Ra7 Rdxa6 52.Rc7 Ra1 53.Rxa1 Rxa1+ 54.Kg2 d4 55.Kf2 Ke5 56.h4 Ra2+ 57.Ke1 Rh2
58.h5 Kf4  0-1

[Event "40th Olympiad Open"]
[Site "Istanbul TUR"]
[Date "2012.09.03"]
[Round "6.77"]
[White "Griffiths,R"]
[Black "Dukaczewski,P"]
[Result "0-1"]
[WhiteElo "2362"]
[BlackElo "2228"]

1.d4 d5 2.c4 dxc4 3.e4 c5 4.d5 e6 5.Bxc4 Nf6 6.Nc3 exd5 7.exd5 a6 8.Nf3 Bd6
9.Qe2+ Qe7 10.Qxe7+ Kxe7 11.O-O Bf5 12.Re1+ Kd8 13.Ne5 Bg6 14.Bf4 Kc7 15.Nxg6 hxg6
16.Re7+ Nbd7 17.Bxd6+ Kxd6 18.Rxf7 Ne5 19.Rxg7 Nxc4 20.Rxg6 Ke5 21.g4 Raf8
22.Re1+ Kd4 23.Rd1+ Ke5 24.Re1+ Kd4 25.Ne2+ Kd3 26.Nf4+ Kd2 27.Re2+ Kd1 28.b3 Nd2
29.Re3 Nd7 30.Rg7 Rxf4 31.Rxd7 Rxg4+ 32.Rg3 Rxg3+ 33.hxg3 b5 34.Rc7 c4 35.bxc4 bxc4
36.f4 Ke2 37.Kg2 Kd3 38.f5 c3 39.Re7 Ne4 40.Rc7 c2  0-1

[Event "FSGM Sept 2012"]
[Site "Budapest HUN"]
[Date "2012.09.04"]
[Round "4.5"]
[White "Toth,E"]
[Black "Lalic,B"]
[Result "0-1"]
[WhiteElo "2473"]
[BlackElo "2475"]

1.d4 d5 2.c4 dxc4 3.e4 e5 4.Nf3 Bb4+ 5.Bd2 Bxd2+ 6.Nbxd2 exd4 7.Bxc4 Qf6
8.e5 Qg6 9.Qa4+ Nc6 10.Nxd4 Ne7 11.Nxc6 Nxc6 12.Bd5 Bd7 13.Qf4 O-O-O 14.O-O Bh3
15.Be4 Qg4 16.Qe3 Rxd2 17.Qxd2 Qxe4 18.gxh3 Nd4 19.f4 Nf3+ 20.Rxf3 Qxf3 21.Qf2 Qxh3
22.Qxa7 Qg4+ 23.Kh1 Qf3+ 24.Kg1 b6 25.Rf1 Qe4 26.Qa3 Rd8 27.Qf3 Qxf3 28.Rxf3 Rd2
29.Rf2 Rd3 30.Kf1 Kd7 31.Ke2 Rh3 32.f5 Ke7 33.Kd2 g6 34.fxg6 fxg6 35.a4 Ke6
36.Re2 c5 37.Kc2 g5 38.b3 g4 39.Kb2 h5 40.Ka3 Rd3 41.a5 bxa5 42.Ka4 Rd5 43.Kb5 Rxe5
44.Ra2 h4 45.Kc4 g3 46.hxg3 hxg3 47.Rxa5 Kf5 48.Ra8 Kg4  0-1

[Event "40th Olympiad Open"]
[Site "Istanbul TUR"]
[Date "2012.09.04"]
[Round "7.47"]
[White "Labeckas,K"]
[Black "Jose Queralto,D"]
[Result "1-0"]
[WhiteElo "2378"]
[BlackElo "2133"]

1.d4 d5 2.c4 dxc4 3.e4 e5 4.Nf3 exd4 5.Bxc4 Nc6 6.O-O Be6 7.Bxe6 fxe6 8.Qb3 Qd7
9.Ng5 O-O-O 10.Nxe6 Na5 11.Qd5 Qxd5 12.exd5 Rxd5 13.Nxf8 Re5 14.b4 Nc6 15.b5 Nd8
16.Nd2 Rxb5 17.Re1 Nf6 18.Ba3 c5 19.Nc4 Kc7 20.Ne6+ Nxe6 21.Rxe6 Re8 22.Rxe8 Nxe8
23.g4 Nd6 24.Ne5 Ra5 25.Bb2 Rb5 26.Bc1 Ne4 27.Bf4 Kd6 28.a4 Rb3 29.Re1 Kd5
30.f3 Nc3 31.a5 b6 32.axb6 axb6 33.Nd3 Ne2+ 34.Rxe2 Rxd3 35.Kf2 b5 36.Re7 b4
37.Rxg7 b3 38.Rxh7 c4 39.Rb7 Rc3 40.g5 Rc2+ 41.Kg3 Ra2 42.g6 Ra6 43.g7 Rg6+
44.Kf2 Kc6 45.Rc7+ Kd5 46.Rd7+ Kc5 47.Be5 b2 48.Bxd4+ Kc6 49.Bxb2 Kxd7 50.h4 Ke8
51.h5 Rg5 52.h6  1-0

[Event "11th Kesarovski-Stanchev Mem"]
[Site "Sunny Beach BUL"]
[Date "2012.09.04"]
[Round "4.6"]
[White "Cioara,A"]
[Black "Agayev,N"]
[Result "1/2-1/2"]
[WhiteElo "2496"]
[BlackElo "2318"]

1.d4 d5 2.c4 dxc4 3.e4 Nf6 4.e5 Nd5 5.Bxc4 Nb6 6.Bb3 Nc6 7.Be3 Bf5 8.Ne2 e6
9.Nbc3 Nb4 10.O-O N4d5 11.a4 a5 12.Nxd5 Nxd5 13.Bxd5 Qxd5 14.Nc3 Qd7 15.d5 exd5
16.Qxd5 Qxd5 17.Nxd5 O-O-O 18.Nc3 Bb4 19.Rfc1 Rhe8 20.Nb5 c6 21.Bf4 Rd3 22.h4 Kd7
23.Na3 Ke6 24.Nc4 Red8 25.Nd6 Bxd6 26.exd6 Kd7 27.Rc5 Rd5 28.Rxd5 cxd5 29.Rd1 Be6
30.b4 axb4 31.Rb1 Ra8 32.Rxb4 Kc6 33.f3 Ra6 34.Kf2  1/2-1/2

[Event "40th Olympiad Women"]
[Site "Istanbul TUR"]
[Date "2012.09.05"]
[Round "8.3"]
[White "Maisuradze,N"]
[Black "Vega Gutierrez,S"]
[Result "1/2-1/2"]
[WhiteElo "2284"]
[BlackElo "2355"]

1.d4 d5 2.c4 dxc4 3.e4 Nc6 4.Nf3 Bg4 5.d5 Ne5 6.Nc3 Nf6 7.Bf4 Ng6 8.Bg3 e6
9.dxe6 fxe6 10.Bxc4 Qxd1+ 11.Rxd1 Bb4 12.h3 Bxf3 13.gxf3 e5 14.Be6 Rd8 15.Rxd8+ Kxd8
16.Bf5 Nf4 17.Bxf4 exf4 18.Kd2 Re8 19.a3 Bxc3+ 20.Kxc3 Re5 21.Rd1+ Ke7 22.Kd4 Rb5
23.b4 a5 24.Kc4 c6 25.h4 g6 26.Bg4 axb4 27.axb4 Re5 28.Kd4 Kd6 29.Rc1 Rb5
30.Kc4 Ke5 31.Bh3 Ne8 32.Rd1 Nc7 33.Rd7 Na6 34.Rxh7 Rxb4+ 35.Kc3 b5 36.Re7+ Kd6
37.Re6+ Kc7 38.Rxg6 Rc4+ 39.Kb2 Rb4+ 40.Kc3 Rc4+ 41.Kb2 Rb4+ 42.Kc3 Rc4+
43.Kb2  1/2-1/2

[Event "11th Kesarovski-Stanchev Mem"]
[Site "Sunny Beach BUL"]
[Date "2012.09.07"]
[Round "7.1"]
[White "Bernadskiy,V"]
[Black "Nabaty,T"]
[Result "1-0"]
[WhiteElo "2493"]
[BlackElo "2590"]

1.d4 d5 2.c4 dxc4 3.e4 e5 4.Nf3 exd4 5.Bxc4 Nc6 6.O-O Bc5 7.Ng5 Nh6 8.Nxf7 Nxf7
9.Bxf7+ Kxf7 10.Qh5+ g6 11.Qxc5 Qe7 12.Qxe7+ Nxe7 13.Bf4 c5 14.Rc1 b6 15.b4 cxb4
16.Bd6 a5 17.Rc7 Re8 18.Nd2 Be6 19.Nf3 Rac8 20.Ng5+ Kf6 21.f4  1-0

[Event "40th Olympiad Women"]
[Site "Istanbul TUR"]
[Date "2012.09.09"]
[Round "11.5"]
[White "Socko,M"]
[Black "Danielian,E"]
[Result "0-1"]
[WhiteElo "2467"]
[BlackElo "2476"]

1.d4 d5 2.c4 dxc4 3.e4 Nf6 4.e5 Nd5 5.Bxc4 Nb6 6.Bd3 Nc6 7.Be3 Be6 8.Nf3 Nb4
9.Be4 Bd5 10.Nc3 Bxe4 11.Nxe4 e6 12.O-O h6 13.a3 N4d5 14.Qc1 Qd7 15.Rd1 Be7
16.Nc5 Qc6 17.b4 a5 18.Bd2 axb4 19.axb4 Rxa1 20.Qxa1 O-O 21.Rc1 Ra8 22.Qb1 Qb5
23.Nxb7 Ra3 24.Na5 Rxf3 25.gxf3 Qe2 26.Qc2 Bh4 27.Be3 Qxf3 28.Qd1 Qe4 29.Nc4 Nxc4
30.Rxc4 Bxf2+ 31.Bxf2 Nf4 32.Kf1 Qh1+ 33.Bg1 Qg2+ 34.Ke1 Qxg1+ 35.Kd2 Qxh2+
36.Kc1 Qa2 37.Qc2 Qa1+ 38.Kd2 Nd5 39.Qc1 Qa2+ 40.Qc2 Qa3 41.Qd3 Qa1 42.Qb3 Qg1
43.Qf3 g5 44.b5 Qb1 45.Qa3 Qxb5 46.Ra4 Nb6 47.Rb4 Nc4+ 48.Rxc4 Qxc4 49.Ke3 Qf1
50.Qe7 Qf4+ 51.Kd3 Qf3+ 52.Kd2 c6 53.Qd7 Kg7 54.Qd8 Qf2+ 55.Kd3 g4 56.d5 Qf3+
57.Kc2 cxd5  0-1

[Event "11th Kesarovski-Stanchev Mem"]
[Site "Sunny Beach BUL"]
[Date "2012.09.09"]
[Round "9.32"]
[White "Todorov,Y"]
[Black "Sofranov,V"]
[Result "1/2-1/2"]
[WhiteElo "2054"]
[BlackElo "2213"]

1.d4 d5 2.c4 dxc4 3.e4 e5 4.Nf3 Bb4+ 5.Bd2 Bxd2+ 6.Qxd2 exd4 7.Qxd4 Qxd4
8.Nxd4 Nf6 9.Nc3 Be6 10.Nxe6 fxe6 11.Bxc4 Ke7 12.O-O-O Ng4 13.Rd2 Ne5 14.Be2 Rf8
15.f3 a6 16.Rf1 g5 17.g3 Ng6 18.Rfd1 b5 19.b4 Ra7 20.a3 c6 21.Nb1 a5 22.Kb2 axb4
23.axb4 Ne5 24.Rf1 Ra4 25.Nc3 Ng6 26.Bd1 Ra7 27.Be2 Nd7 28.Kb1 Nde5  1/2-1/2

[Event "FSIM Sept 2012"]
[Site "Budapest HUN"]
[Date "2012.09.11"]
[Round "11.4"]
[White "Wunnink,M"]
[Black "Lyell,M"]
[Result "1/2-1/2"]
[WhiteElo "2265"]
[BlackElo "2225"]

1.d4 d5 2.c4 dxc4 3.e4 Nc6 4.Nf3 Nf6 5.Nc3 Bg4 6.Be3 e6 7.Bxc4 Bb4 8.Qc2 O-O
9.O-O-O Bxc3 10.bxc3 Qe7 11.h3 Bh5 12.Bd3 e5 13.d5 Na5 14.Qa4 b6 15.g4 Bg6
16.Qb4 c5 17.dxc6 Qxb4 18.cxb4 Nxc6 19.b5 Nb4 20.Nxe5 Nxd3+ 21.Nxd3 Bxe4
22.Rhe1 Rac8+ 23.Kb2 Rc4 24.a3 Nd5 25.Nf4 Nxe3 26.Rxe3 f5 27.g5 Rc2+ 28.Ka1 Rxf2
29.Ne6 Re8 30.Nc7 Rc8 31.Rc1 Rf3 32.Rxf3 Bxf3 33.Rf1 Bg2 34.Rf2 Rxc7 35.Rxg2 Rc3
36.Kb2 Rxh3 37.Rf2 g6 38.Rc2 f4 39.Rc8+ Kf7 40.Rc7+ Ke6 41.Rxa7 f3 42.Rb7 Kd5
43.Rxb6 Kc4 44.a4 Rh2+ 45.Ka3 Re2 46.Rf6 f2 47.b6 Re6 48.Rxf2 Rxb6 49.Rf7 Rb1
50.Rxh7 Ra1+ 51.Kb2 Rg1  1/2-1/2

[Event "zt 3.5 China Men 2012"]
[Site "Beijing CHN"]
[Date "2012.09.18"]
[Round "7.12"]
[White "Bai,Jinshi"]
[Black "Xu,Minghui"]
[Result "1/2-1/2"]
[WhiteElo "2250"]
[BlackElo "2086"]

1.d4 d5 2.c4 dxc4 3.e4 Nf6 4.e5 Nd5 5.Bxc4 Nb6 6.Bd3 Nc6 7.Ne2 Bg4 8.f3 Be6
9.Nbc3 Nb4 10.Be4 N4d5 11.O-O Qd7 12.a4 a5 13.f4 g6 14.Ng3 Bf5 15.Qb3 c6
16.Nxd5 Nxd5 17.Bxd5 cxd5 18.Nxf5 gxf5 19.Bd2 e6 20.Rfc1 Be7 21.Qg3 Kf8 22.Qh3 h6
23.Rc2 Kg7 24.Qb3 Rhc8 25.Rxc8 Qxc8 26.Rc1 Qd7 27.Rc3 Bd8 28.h3 h5 29.Rg3+ Kf8
30.Qd1 h4 31.Qh5 hxg3 32.Qh8+  1/2-1/2

[Event "Caissa GM Sept 2012"]
[Site "Kecskemet HUN"]
[Date "2012.09.19"]
[Round "6.2"]
[White "Ilincic,Z"]
[Black "Fodor,T jr"]
[Result "1/2-1/2"]
[WhiteElo "2450"]
[BlackElo "2487"]

1.d4 d5 2.c4 dxc4 3.e4 Nf6 4.e5 Nd5 5.Bxc4 Nb6 6.Bb3 Nc6 7.Ne2 Bf5 8.Nbc3 e6
9.a3 Qd7 10.O-O O-O-O 11.Be3 Kb8 12.Na4 Nd5 13.Ng3 Bg6 14.Nc3 Nb6 15.Nce2 Be7
16.Qc1 h5 17.f3 Bd3 18.Rd1 h4 19.Rxd3 hxg3 20.hxg3 Nxe5 21.Rd1 Nc6 22.Kf2 Bd6
23.Qc2 Ne7 24.Bg5 Qb5 25.Bf4 Nc6 26.Rac1 Bxf4 27.gxf4 Qh5 28.Rh1 Qxh1 29.Rxh1 Rxh1
30.f5 e5 31.dxe5 Nxe5 32.Nf4 Rhh8 33.Kg3 Rd6 34.Qe4 Nbd7 35.Bc2 Rg8 36.Qe1 a6
37.b4 g6 38.fxg6 fxg6 39.Bb3 Rf8 40.Qe4 Rf5 41.Ne6 Rd3 42.Bc2 Rd2 43.Bb1 Rd6
44.Nc5 Rg5+ 45.Kf4 Rf5+ 46.Kg3 Rg5+  1/2-1/2

[Event "TCh-VIE 2012"]
[Site "Ho Chi Minh City VIE"]
[Date "2012.09.21"]
[Round "1.1"]
[White "Dao Thien Hai"]
[Black "Dang,H"]
[Result "1-0"]
[WhiteElo "2526"]
[BlackElo "2073"]

1.d4 d5 2.c4 dxc4 3.e4 e5 4.Nf3 exd4 5.Qxd4 Be6 6.Qxd8+ Kxd8 7.Nd4 Nf6 8.Nc3 Bb4
9.f3 Re8 10.Bg5 Nd7 11.O-O-O h6 12.Bh4 g5 13.Bg3 a6 14.Nxe6+ fxe6 15.Bxc4 b5
16.Bb3 Ke7 17.Ne2 Rac8 18.Kb1 e5 19.h4 c5 20.Bd5 c4 21.hxg5 hxg5 22.Rh6 Rh8
23.Rg6 g4 24.a3 gxf3 25.gxf3 c3 26.bxc3 Bxa3 27.Rg7+ Kf8 28.Rg6 Ke7 29.Kc2 a5
30.Rg7+ Kf8 31.Rxd7 Nxd7 32.Be6 Ke7 33.Bxd7 Rcd8 34.Bxb5 Rxd1 35.Kxd1 Bd6
36.c4 Rf8 37.Be1 Bb4 38.Nc3 Kd6 39.Na4 Rxf3 40.Bxb4+ axb4 41.c5+ Kc7 42.Nb6 b3
43.Nd5+ Kb8 44.c6 b2 45.c7+ Ka7 46.Kc2 Rb3 47.Kb1 Ra3 48.Kxb2 Rg3 49.c8=R  1-0

[Event "TCh-SRB Prem w 2012"]
[Site "Valjevo SRB"]
[Date "2012.09.21"]
[Round "5.5"]
[White "Grabuzova,T"]
[Black "Milosevic,Milica"]
[Result "1-0"]
[WhiteElo "2324"]
[BlackElo "1665"]

1.d4 d5 2.c4 dxc4 3.e4 Nc6 4.d5 Ne5 5.Nf3 Nxf3+ 6.Qxf3 e6 7.Bxc4 Nf6 8.dxe6 Bxe6
9.Bxe6 fxe6 10.O-O Bd6 11.Qe2 Nd7 12.Nc3 O-O 13.Be3 Qh4 14.g3 Qf6 15.f4 Bc5
16.Bxc5 Nxc5 17.Qc4 Qe7 18.b4 Na6 19.a3 c6 20.e5 Nc7 21.Ne4 Nd5 22.Qc5 Qxc5+
23.Nxc5 Rf7 24.Nxe6 Re8 25.Ng5 Rff8 26.Rae1 h6 27.Ne4 Kh7 28.Nc5 Rf7 29.f5 Rfe7
30.e6 Nf6 31.h3 h5 32.Nd3 Nd5 33.g4 hxg4 34.hxg4 Kh6 35.Ne5 Nf6 36.Nf7+ Kh7
37.g5 Nd5 38.Rf3 g6 39.Rh3+ Kg7 40.f6+ Nxf6 41.gxf6+ Kxf6 42.Rf3+ Kg7 43.Ng5 Kh6
44.Re5 Kg7 45.Kf2 Rf8 46.Rxf8 Kxf8 47.Kf3 Kg7 48.Kg4 Kf6 49.Re1 Re8 50.Kf4 Ke7
51.Rd1 Rf8+ 52.Kg4 Kf6 53.Nh7+  1-0

[Event "TCh-VIE 2012"]
[Site "Ho Chi Minh City VIE"]
[Date "2012.09.22"]
[Round "3.16"]
[White "Ton,N"]
[Black "Nguyen Van Thanh"]
[Result "1/2-1/2"]
[WhiteElo "2018"]
[BlackElo "2214"]

1.d4 d5 2.c4 dxc4 3.e4 e5 4.d5 Nf6 5.Nc3 c6 6.Bxc4 b5 7.Bb3 b4 8.Nce2 cxd5
9.exd5 Bb7 10.Nf3 Bd6 11.Bg5 Nbd7 12.Ng3 Qb6 13.Nd2 Ba6 14.Bxf6 Nxf6 15.Ba4+ Kf8
16.Bc6 Rd8 17.Nge4 Bc5 18.Qb3 Bd4 19.a3 Nxe4 20.Nxe4 f5 21.Qf3 g6 22.g4 f4
23.Qb3 Bc8 24.h3 h5 25.O-O-O Kg7 26.f3 Be6 27.dxe6 Qxc6+ 28.Kb1 bxa3 29.Rc1 Qb6
30.Qxa3 Rhe8 31.e7 Rb8 32.Rh2 Qe6 33.Rc7 Bb6 34.Rcc2 Qxe7 35.Nd6 Kf8 36.Nxe8 Qxa3
37.bxa3 Kxe8 38.Rb2 Rd8 39.Rhd2 Bd4 40.Rb7 Rd5 41.Ka2 Rc5 42.Rxa7 Rc3 43.Ra8+ Kf7
44.Rb2 Rxf3 45.Rb7+ Ke6 46.Rb5 Kd7 47.Ra6 Kc7 48.Rxg6 Rxh3 49.Rg7+ Kc6 50.a4 hxg4
51.Rg6+ Kd7 52.Rxg4 Rh1 53.Rg7+ Kc6 54.Rg6+ Kc7 55.Rg7+ Kc6  1/2-1/2